000 00825nam a2200265Ia 4500
003 OSt
005 20221002045410.0
006 a|||||r|||| 00| 0
007 ta
008 220930b |||||||| |||| 00| 0 eng d
020 _a9781452267746 (pbk)
_c7903.75
024 _a18461
037 _b2181, 13/03/2015, Govinda Book House
_cReference Collections
040 _aCRL
_cCRL
_beng
041 _2eng
_aeng
082 _aS:(R39(Y))g, Q5(RR)
100 _aSchneider Kirk J Ed.
_9480682
245 0 _aHandbook of humanistic psychology
250 _a2nd ed.
260 _aLos
_bAngels Sage USA
_c2015
300 _axxv,800p.
_ccm.
650 _aPSYCHOLOGY
942 _hS:(R39(Y))g, Q5(RR)
_cref
_2CC
999 _c912293
_d912293